522 islands, 227 river systems and 215 lakes - Statistics

General Stats
  • This quiz has been taken 33 times
    20 since last reset
  • The average score is 87 of 964
Answer Stats
Group Rank Answer Hint Country % Correct
Rivers 30 Colorado-Green 2945 United States, Mexico
100%
Islands 1 Greenland 2130800 Denmark
80%
Islands 3 Borneo 748168 Brunei, Indonesia
70%
Rivers 2 Amazon–Ucayali–Tambo–Ene–Mantaro 6400 Brazil, Peru, Bolivia, Colombia, Ecuador, Venezuela, Guyana
60%
Rivers 119 Colorado (Texas) 1387 United States
60%
Rivers 54 Columbia-Snake 2250 Canada, United States
60%
Rivers 9 Congo–Lualaba–Luvua–Luapula–Chambeshi 4700 Democratic Republic of the Congo, Central African Republic, Angola, Republic of the Congo, Tanzania, Cameroon, Zambia, Burundi, Rwanda
60%
Rivers 4 Mississippi–Missouri–Jefferson–Beaverhead–Red Rock–Hell Roaring 6275 United States, Canada
60%
Islands 2 New Guinea 785753 Indonesia and Papua New Guinea
60%
Rivers 1 Nile–White Nile–Kagera–Nyabarongo–Mwogo–Rukarara 6650 Ethiopia, Eritrea, Sudan, Uganda, Tanzania, Kenya, Rwanda, Burundi, Egypt, Democratic Republic of the Congo, South Sudan
60%
Rivers 59 Ohio–Allegheny 2102 United States
60%
Rivers 151 Rhine 1233 Germany, Switzerland, Netherlands, France, Luxembourg, Austria, Belgium, Liechtenstein, Italy
60%
Islands 6 Sumatra 443066 Indonesia
60%
Rivers 3 Yangtze–Jinsha–Tongtian–Dangqu 6300 China
60%
Rivers 6 Yellow River (Huang He) 5464 China
60%
Islands 11 Celebes 180681 Indonesia
50%
Rivers 31 Danube–Breg (Donau, Dunăre, Duna, Dunav, Dunaj) 2888 Romania, Hungary, Austria, Serbia, Germany, Slovakia, Bulgaria, Croatia, Ukraine, Bosnia and Herzegovina, Moldova, Montenegro, North Macedonia, Czech Republic, Switzerland, Slovenia, Italy, Poland, Albania
50%
Islands 7 Honshu 225800 Japan
50%
Rivers 23 Indus–Sênggê Zangbo 3180 Pakistan, India and China
50%
Islands 13 Java 138794 Indonesia
50%
Islands 14 North Island (New Zealand) 111583 New Zealand
50%
Rivers 60 Orinoco 2101 Venezuela, Colombia, Guyana
50%
Rivers 28 Rio Grande 3057 United States, Mexico
50%
Rivers 19 Shatt al-Arab–Euphrates–Murat 3596 Iraq, Turkey, Syria, Iran
50%
Rivers 69 Tigris 1950 Turkey, Iraq, Syria, Iran
50%
Rivers 18 Volga 3645 Russia
50%
Islands 429 Yell 221 United Kingdom
50%
Rivers 22 Yukon 3185 United States, Canada
50%
Rivers 33 Zambezi (Zambesi) 2740 Zambia, Angola, Zimbabwe, Mozambique, Malawi, Tanzania, Namibia, Botswana
50%
Rivers 36 Amu Darya–Panj 2620 Uzbekistan, Turkmenistan, Tajikistan, Afghanistan
40%
Rivers 10 Amur–Argun 4444 Russia, China, Mongolia
40%
Islands 106 Bali 5416 Indonesia
40%
Rivers 15 Brahmaputra–Yarlung Tsangpo 3969 India, China, Nepal, Bangladesh, Disputed India/China, Bhutan
40%
Rivers 50 Dnieper 2287 Ukraine, Belarus, Russia
40%
Rivers 147 Elbe–Vltava 1252 Germany, Czech Republic
40%
Islands 10 Ellesmere Island 196236 Canada
40%
Islands 9 Great Britain 209331 United Kingdom
40%
Islands 337 Guam 541 United States
40%
Islands 75 Hawaii 10434 United States
40%
Islands 22 Hispaniola 73929 Dominican Republic and Haiti
40%
Islands 21 Hokkaido 78719 Japan
40%
Islands 18 Iceland 101826 -
40%
Islands 20 Ireland 81638 -
40%
Islands 333 Isle of Man 573 United Kingdom
40%
Islands 15 Luzon 109965 Philippines
40%
Rivers 13 Mackenzie–Slave–Peace–Finlay 4241 Canada
40%
Rivers 20 Madeira–Mamoré–Grande–Caine–Rocha 3380 Brazil, Bolivia, Peru
40%
Rivers 12 Mekong (Lancang Jiang) 4350 China, Myanmar, Laos, Thailand, Cambodia, Vietnam
40%
Rivers 16 Murray–Darling–Culgoa–Balonne–Condamine 3672 Australia
40%
Rivers 14 Niger 4200 Nigeria, Mali, Niger, Algeria, Guinea, Cameroon, Burkina Faso, Côte d'Ivoire, Benin, Chad
40%
Rivers 7 Ob-Irtysh 5410 Russia, Kazakhstan, China, Mongolia
40%
Rivers 97 Oka 1500 Russia
40%
Rivers 86 Okavango (Cubango) 1600 Namibia, Angola, Botswana
40%
Islands 263 Okinawa 1200 Japan
40%
Rivers 44 Orange 2432 South Africa, Namibia, Botswana, Lesotho
40%
Rivers 35 Padma-Ganges-Alaknanda (Ganga) 2704 India, Bangladesh, Nepal
40%
Rivers 39 Paraguay (Rio Paraguay) 2549 Brazil, Paraguay, Bolivia, Argentina
40%
Rivers 56 Pearl–Xi–Xun–Qian–Hongshui–Nanpan 2200 China, Vietnam
40%
Rivers 8 Río de la Plata–Paraná–Rio Grande 4880 Brazil, Argentina, Paraguay, Bolivia, Uruguay
40%
Islands 111 Saint Lawrence Island 5135 United States
40%
Islands 375 Saint Vincent 381 Saint Vincent and the Grenadines
40%
Rivers 80 Senegal 1641 Guinea, Senegal, Mali, Mauritania
40%
Islands 12 South Island (New Zealand) 145836 New Zealand
40%
Islands 25 Sri Lanka 67655 -
40%
Islands 38 Taiwan 35883 -
40%
Islands 44 Timor 28418 Indonesia and East Timor
40%
Rivers 150 Upper Mississippi 1236 United States
40%
Rivers 42 Upper Ob–Katun 2490 Russia
40%
Rivers 83 Uruguay 1610 Uruguay, Argentina, Brazil
40%
Lakes 17 Aral Sea 17160 Kazakhstan, Uzbekistan
30%
Rivers 47 Arkansas 2348 United States
30%
Rivers 152 Athabasca 1231 Canada
30%
Islands 5 Baffin Island 507451 Canada
30%
Islands 315 Bahrain 673 -
30%
Lakes 1 Caspian Sea 371000 Azerbaijan, Iran, Kazakhstan, Russia, Turkmenistan
30%
Islands 83 Corsica 8741 France
30%
Islands 88 Crete 8350 Greece
30%
Islands 17 Cuba 105806 -
30%
Islands 80 Cyprus 9234 -
30%
Rivers 113 Dniester 1411 Ukraine, Moldova
30%
Rivers 70 Don 1870 Russia, Ukraine
30%
Islands 456 Easter Island 173 Chile
30%
Rivers 197 Gambia 1094 The Gambia, Senegal, Guinea
30%
Islands 245 Gran Canaria 1530 Spain
30%
Rivers 95 Han 1532 China
30%
Rivers 32 Irrawaddy River–N'Mai River–Dulong River–Kelaoluo–Gada Qu 2809 China, Myanmar
30%
Islands 70 Jamaica 11190 -
30%
Rivers 156 Kansas–Republican 1218 US
30%
Islands 115 King Mackenzie Island 5048 Canada
30%
Islands 37 Kyushu 37437 Japan
30%
Lakes 27 Lake Athabasca 7920 Canada
30%
Lakes 7 Lake Baikal 31500 Russia
30%
Lakes 11 Lake Erie 25719 Canada, United States
30%
Lakes 4 Lake Huron 59596 Canada, United States
30%
Lakes 9 Lake Malawi 30044 Malawi, Mozambique,Tanzania
30%
Lakes 5 Lake Michigan 57750 United States
30%
Lakes 13 Lake Ontario 19477 Canada, United States
30%
Lakes 2 Lake Superior 82414 Canada, United States
30%
Lakes 102 Lake Taihu 2253 China
30%
Lakes 25 Lake Titicaca 8135 Peru, Bolivia
30%
Lakes 187 Lake Toba 1146 Indonesia
30%
Lakes 66 Lake Van 3755 Turkey
30%
Lakes 3 Lake Victoria 69485 Kenya, Tanzania, Uganda
30%
Lakes 24 Lake Volta 8502 Ghana
30%
Rivers 11 Lena 4400 Russia
30%
Rivers 222 Loire 1012 France
30%
Islands 340 Long Island (Bahamas) 539 Bahamas
30%
Islands 148 Long Island (United States) 3629 United States
30%
Islands 4 Madagascar 587713 -
30%
Islands 304 Madeira 749 Portugal
30%
Rivers 164 Min–Dadu 1182 China
30%
Islands 19 Mindanao 97530 Philippines
30%
Rivers 53 Negro 2250 Brazil, Venezuela, Colombia
30%
Rivers 38 Nelson–Saskatchewan–South Saskatchewan–Bow 2570 Canada, United States
30%
Islands 16 Newfoundland 108860 Canada
30%
Rivers 155 North Saskatchewan 1220 Canada
30%
Islands 240 Oʻahu 1583 United States
30%
Rivers 143 Ottawa 1271 Canada
30%
Rivers 72 Pechora 1809 Russia
30%
Islands 103 Prince Edward Island 5620 Canada
30%
Islands 81 Puerto Rico 9100 United States
30%
Rivers 173 Red (Asia) 1149 China, Vietnam
30%
Rivers 146 Red (Canada)–Assiniboine–Souris 1260 Canada, US
30%
Lakes 186 Red Lake 1148,7 United States
30%
Rivers 57 Red (USA) 2188 United States
30%
Islands 176 Reunion 2535 France
30%
Islands 319 Saint Lucia 640 -
30%
Islands 23 Sakhalin 72493 Russia
30%
Islands 428 Sal 222 Cape Verde
30%
Rivers 26 Salween (Nu Jiang) 3060 China, Myanmar, Thailand
30%
Islands 292 São Tomé Island 855 São Tomé and Príncipe
30%
Islands 48 Sardinia 23949 Italy
30%
Islands 45 Sicily 25662 Italy
30%
Islands 341 Singapore 536 -
30%
Rivers 25 Syr Darya–Naryn 3078 Kazakhstan, Kyrgyzstan, Uzbekistan, Tajikistan
30%
Islands 26 Tasmania 65022 Australia
30%
Islands 203 Tenerife 2008 Spain
30%
Islands 400 Tobago 309 Trinidad and Tobago
30%
Rivers 17 Tocantins-Araguaia 3650 Brazil
30%
Islands 113 Trinidad 5009 Trinidad and Tobago
30%
Rivers 52 Ubangi–Uele 2270 Democratic Republic of the Congo, Central African Republic, Republic of Congo
30%
Rivers 109 Upper Columbia 1430 United States, Canada
30%
Rivers 98 Upper Murray 1500 Australia
30%
Islands 8 Victoria Island 217291 Canada
30%
Rivers 157 Vistula–Narew–Bug 1213 Poland, Belarus, Ukraine
30%
Rivers 87 Volta 1600 Ghana, Burkina Faso, Togo, Côte d'Ivoire, Benin
30%
Islands 368 Wight 395 United Kingdom
30%
Rivers 62 Xingu 2100 Brazil
30%
Rivers 5 Yenisey–Angara–Selenga–Ider 5539 Russia, Mongolia
30%
Islands 309 Åland 720 Finland
20%
Rivers 51 Aldan 2273 Russia
20%
Rivers 186 Anadyr 1120 Russia
20%
Islands 415 Antigua 277 Antigua and Barbuda
20%
Islands 450 Aruba 181 Netherlands
20%
Islands 284 Attu 896 United States
20%
Islands 352 Barbados 462 -
20%
Islands 457 Barbuda 172 Antigua and Barbuda
20%
Rivers 111 Belaya 1420 Russia
20%
Rivers 88 Beni 1599 Bolivia
20%
Rivers 85 Blue Nile 1600 Ethiopia, Sudan
20%
Islands 77 Bougainville 9318 Papua New Guinea
20%
Islands 125 Cebu 4468 Philippines
20%
Islands 474 Christmas Island 135 Australia
20%
Rivers 219 Daugava 1020 Latvia, Belarus, Russia
20%
Rivers 210 Fly 1050 Papua New Guinea, Indonesia
20%
Rivers 103 Godavari 1465 India
20%
Islands 160 Gotland 3027 Sweden
20%
Lakes 8 Great Bear Lake 31080 Canada
20%
Lakes 51 Great Salt Lake 4662 United States
20%
Lakes 10 Great Slave Lake 28930 Canada
20%
Rivers 131 Hai 1329 China
20%
Islands 41 Hainan 33210 China
20%
Islands 51 Halmahera 18040 Indonesia
20%
Rivers 78 Indigirka 1726 Russia
20%
Islands 201 Isla Magdalena 2025 Chile
20%
Rivers 37 Japurá (Caquetá) 2615 Brazil, Colombia
20%
Islands 213 Jeju 1826 South Korea
20%
Islands 497 Jersey 116 United Kingdom
20%
Rivers 63 Jubba–Shebelle 2064 Ethiopia, Somalia
20%
Rivers 73 Kama 1800 Russia
20%
Lakes 118 Kama Reservoir 1915 Russia
20%
Rivers 58 Kasai 2153 Angola, Democratic Republic of the Congo
20%
Rivers 40 Kolyma 2513 Russia
20%
Rivers 141 Krishna 1290 India
20%
Lakes 119 Kuma Reservoir 1910 Russia
20%
Rivers 96 Kura/Mt'k'vari 1515 Turkey, Georgia, Azerbaijan
20%
Lakes 152 Lake Chad 1500 Cameroon, Chad, Nigeria, Niger
20%
Lakes 6 Lake Tanganyika 32893 Burundi, Democratic Republic of the Congo, Tanzania, Zambia
20%
Rivers 74 Limpopo 1800 Mozambique, Zimbabwe, South Africa, Botswana
20%
Islands 122 Lombok 4625 Indonesia
20%
Rivers 29 Lower Tunguska 2989 Russia
20%
Rivers 94 Magdalena 1550 Colombia
20%
Islands 422 Malta 246 -
20%
Islands 210 Maui 1903 United States
20%
Islands 212 Mauritius 1874 -
20%
Islands 313 Molokaʻi 678 United States
20%
Islands 487 Montserrat 124 United Kingdom
20%
Rivers 168 Mun–Chi 1162 Thailand
20%
Rivers 130 Narmada 1333 India
20%
Islands 190 Nelson Island 2183 United States
20%
Islands 53 New Caledonia 16648 France
20%
Rivers 136 Northern Dvina–Sukhona 1302 Russia
20%
Rivers 213 Oder–Warta 1045 Poland, Germany, Czech Republic
20%
Islands 64 Palawan 12189 Philippines
20%
Islands 65 Panay 12011 Philippines
20%
Rivers 41 Pilcomayo 2500 Paraguay, Argentina, Bolivia
20%
Rivers 218 Pur 1024 Russia
20%
Rivers 21 Purús 3211 Brazil, Peru
20%
Islands 253 Rhodes 1410 Greece
20%
Islands 177 Ross Island 2481 Antarctica
20%
Islands 459 Saint Kitts 171 Saint Kitts and Nevis
20%
Rivers 27 Saint Lawrence–Niagara–Detroit–Saint Clair–Saint Marys–Saint Louis 3058 Canada, United States
20%
Rivers 24 São Francisco 3180 Brazil
20%
Islands 30 Severny Island 47079 Russia
20%
Islands 50 Shikoku 18545 Japan
20%
Islands 149 Socotra 3607 Yemen
20%
Rivers 48 Songhua 2309 China
20%
Islands 143 South Georgia 3718 United Kingdom
20%
Rivers 224 Tagus (Tajo/Tejo) 1006 Spain, Portugal
20%
Islands 271 Tahiti 1069 France
20%
Rivers 55 Tapajós-Teles Pires 2210 Brazil
20%
Rivers 61 Tarim 2100 China
20%
Rivers 114 Taz 1401 Russia
20%
Rivers 212 Tennessee 1049 United States
20%
Islands 29 Tierra del Fuego 47401 Argentina and Chile
20%
Rivers 110 Upper Tocantins 1427 Brazil
20%
Rivers 102 Upper Yenisey–Little Yenisey (Kaa-Hem) 1480 Russia, Mongolia
20%
Rivers 45 Ural 2428 Russia, Kazakhstan
20%
Islands 42 Vancouver 31285 Canada
20%
Rivers 169 White 1162 United States
20%
Islands 215 White Island 1810 Russia
20%
Islands 40 Yuzhny Island 33246 Russia
20%
Islands 194 Alor 2120 Indonesia
10%
Islands 294 Ambon 806 Indonesia
10%
Islands 32 Axel Heiberg Island 43178 Canada
10%
Islands 49 Banana Island 20000 Brazil
10%
Islands 67 Bangka 11413 Indonesia
10%
Islands 24 Banks Island 70028 Canada
10%
Rivers 199 Barito River 1090 Indonesia
10%
Islands 124 Belitung 4478 Indonesia
10%
Rivers 115 Benue 1400 Cameroon, Nigeria
10%
Islands 209 Biak 1904 Indonesia
10%
Islands 208 Bioko 1935 Equatorial Guinea
10%
Islands 68 Bolshevik 11206 Russia
10%
Islands 219 Bolshevik Shantar 1766 Russia
10%
Islands 411 Bonaire 283 Netherlands
10%
Islands 327 Bornholm 605 Denmark
10%
Islands 129 Buton 4408 Indonesia
10%
Islands 76 Cape Breton 10311 Canada
10%
Islands 372 Cat Island 387 Bahamas
10%
Islands 244 Central Andaman 1536 India
10%
Islands 86 Chiloé 8478 Chile
10%
Rivers 112 Cooper–Barcoo 1420 Australia
10%
Islands 339 Cozumel 539 Mexico
10%
Islands 385 Cres 351 Croatia
10%
Islands 357 Curaçao 443 Netherlands
10%
Rivers 178 Desna 1130 Russia, Belarus, Ukraine
10%
Islands 27 Devon Island 55247 Canada
10%
Islands 344 Djerba 523 Tunisia
10%
Islands 95 East Falkland 7039 United Kingdom
10%
Islands 427 Elba 229 Italy
10%
Rivers 221 Essequibo 1014 Guyana, Venezuela
10%
Islands 144 Euboea 3707 Greece
10%
Islands 501 Fårö 113 Sweden
10%
Islands 60 Flores 14154 Indonesia
10%
Islands 232 Fuerteventura 1633 Spain
10%
Islands 473 Gau 136 Fiji
10%
Islands 305 Gonâve 749 Haiti
10%
Islands 437 Grand Cayman 196 United Kingdom
10%
Rivers 125 Grande 1360 Brazil
10%
Islands 266 Great Abaco 1146 Bahamas
10%
Islands 234 Great Inagua 1615 Bahamas
10%
Islands 273 Great Nicobar 1045 India
10%
Islands 392 Grenada 323 -
10%
Islands 109 Guadalcanal 5353 Solomon Islands
10%
Islands 378 Heard Island 372 Australia
10%
Rivers 179 Helmand 1130 Afghanistan, Iran
10%
Rivers 66 Içá (Putumayo) 2005 Brazil, Peru, Colombia, Ecuador
10%
Islands 120 Isabela 4711 Ecuador
10%
Islands 187 Isla de la Juventud 2237 Cuba
10%
Islands 370 Jan Mayen 390 Norway
10%
Rivers 175 Kapuas 1143 Indonesia
10%
Islands 98 Kerguelen Island 6617 France
10%
Islands 61 King William Island 13111 Canada
10%
Islands 79 Kodiak 9293 United States
10%
Islands 408 Kos 288 Greece
10%
Islands 365 Krk 419 Croatia
10%
Lakes 44 Lake Albert 5299 Democratic Republic of the Congo, Uganda
10%
Lakes 14 Lake Balkhash 18428 Kazakhstan
10%
Lakes 191 Lake Champlain 1139 Canada, United States
10%
Lakes 26 Lake Cocibolca (or Great Lake of Nicaragua) 8624 Nicaragua
10%
Lakes 64 Lake Helmand 4000 Afghanistan, Iran
10%
Lakes 80 Lake Kivu 2693 Democratic Republic of the Congo, Uganda
10%
Lakes 50 Lake Manitoba 4706 Canada
10%
Lakes 19 Lake Maracaibo 13280 Venezuela
10%
Lakes 45 Lake Nasser 5248 Egypt, Sudan
10%
Lakes 59 Lake of the Woods 4350 Canada, United States
10%
Lakes 134 Lake Okeechobee 1714 United States
10%
Lakes 194 Lake St. Claire 1114 Canada, United States
10%
Lakes 108 Lake Tana 2156 Ethiopia
10%
Lakes 18 Lake Vostok 15690 Antarctica
10%
Lakes 12 Lake Winnipeg 23553 Canada
10%
Islands 383 Lanai 358 United States
10%
Islands 231 Lesbos 1640 Greece
10%
Islands 191 Lewis and Harris 2179 United Kingdom
10%
Islands 484 Little Inagua 126 Bahamas
10%
Islands 128 Madura 4429 Indonesia
10%
Islands 369 Mafia 394 Tanzania
10%
Islands 146 Majorca 3667 Spain
10%
Rivers 190 Mamberamo River 1112 Indonesia
10%
Islands 206 Manus 1940 Papua New Guinea
10%
Islands 35 Marajó 40100 Brazil
10%
Islands 265 Martinique 1167 France
10%
Islands 380 Mayotte 371 France
10%
Islands 200 Misool 2034 Indonesia
10%
Rivers 162 Mobile 1192 US
10%
Islands 186 Morotai 2266 Indonesia
10%
Islands 361 Naxos 436 Greece
10%
Islands 62 Negros 13075 Philippines
10%
Islands 39 New Britain 35145 Papua New Guinea
10%
Islands 92 New Ireland 7405 Papua New Guinea
10%
Islands 449 Niʻihau 183 United States
10%
Islands 255 North Andaman 1376 India
10%
Islands 152 North Andros 3439 Bahamas
10%
Islands 175 Obi 2542 Indonesia
10%
Islands 59 October Revolution Island 14204 Russia
10%
Lakes 214 O'Higgins/San Martín Lake 1013 Chile, Argentina
10%
Rivers 49 Olenyok 2292 Russia
10%
Rivers 192 Omo 1104 Ethiopia
10%
Islands 281 Pemba 900 Tanzania
10%
Rivers 79 Platte 1690 United States
10%
Islands 389 Pohnpei 334 Micronesia
10%
Islands 78 Prince Charles Island 9521 Canada
10%
Islands 97 Prince of Wales Island (Alexander Archipelago) 6675 United States
10%
Islands 43 Prince of Wales Island (Arctic Archipelago) 33339 Canada
10%
Islands 435 Prince of Wales Island (Australia) 205 Australia
10%
Islands 55 Prince Patrick Island 15848 Canada
10%
Islands 85 Qeqertarsuaq 8612 Denmark
10%
Islands 433 Resolution Island 209 New Zealand
10%
Islands 504 Rodrigues 108 Mauritius
10%
Islands 270 Rügen 1076 Germany
10%
Islands 431 Saint Croix 214 United States
10%
Islands 488 Saipan 123 United States
10%
Islands 233 Salawati 1623 Indonesia
10%
Islands 63 Samar 12849 Philippines
10%
Islands 349 Samos 477 Greece
10%
Rivers 104 Sangha–Ngoko–Dja 1459 Cameroon, Republic of Congo, Central African Republic
10%
Islands 52 Seram 17454 Indonesia
10%
Islands 141 Siberut 3829 Indonesia
10%
Islands 221 Simeulue 1754 Indonesia
10%
Islands 34 Southampton Island 41214 Canada
10%
Islands 262 South Andaman 1211 India
10%
Islands 249 South Andros 1448 Bahamas
10%
Islands 36 Spitsbergen 38981 Norway
10%
Islands 374 Streymoy 384 Denmark
10%
Islands 72 Sumba 10711 Indonesia
10%
Islands 57 Sumbawa 14386 Indonesia
10%
Islands 335 Tanna 555 Vanuatu
10%
Islands 464 Texel 162 Netherlands
10%
Lakes 20 Tonle Sap 10000 Cambodia
10%
Islands 171 Unalaska 2722 United States
10%
Islands 104 Vanua Levu 5587 Fiji
10%
Islands 74 Viti Levu 10531 Fiji
10%
Islands 158 Waigeo 3154 Indonesia
10%
Islands 105 Wellington 5556 Chile
10%
Islands 123 West Falkland 4531 United Kingdom
10%
Islands 91 Wrangel Island 7866 Russia
10%
Islands 334 Wrangel Island 560 United States
10%
Rivers 120 Yamuna 1376 India
10%
Islands 185 Yapen 2278 Indonesia
10%
Islands 66 Yos Sudarso 11742 Indonesia
10%
Islands 241 Zanzibar 1575 Tanzania
10%
Islands 476 Abd al-Kuri 133 Yemen
0%
Lakes 196 Aberdeen Lake 1100 Canada
0%
Islands 401 Abu al-Abjad 306 United Arab Emirates
0%
Islands 345 Acklins 508 Bahamas
0%
Islands 307 Adak 725 United States
0%
Islands 126 Adelaide Island 4463 Antarctica
0%
Islands 131 Admiralty Islands 4362 United States
0%
Islands 216 Afognak 1809 United States
0%
Islands 223 Air Force Island 1720 Canada
0%
Islands 204 Ajon 2000 Russia
0%
Islands 161 Akimiski 3001 Canada
0%
Islands 443 Alabat 192 Philippines
0%
Rivers 91 Alazeya 1590 Russia
0%
Islands 480 Aldabra 129 Seychelles
0%
Islands 28 Alexander Island 49070 Antarctica
0%
Islands 397 Als 312 Denmark
0%
Lakes 73 Amadjuak Lake 3115 Canada
0%
Islands 314 Ambrim 678 Vanuatu
0%
Islands 494 Amorgos 117 Greece
0%
Islands 114 Amund Ringnes Island 5255 Canada
0%
Islands 379 Andros 371 Greece
0%
Islands 280 Angel de la Guarda Island 931 Mexico
0%
Islands 317 Anglesey 654 United Kingdom
0%
Islands 89 Anticosti 7941 Canada
0%
Islands 180 Antwerp 2432 Antarctica
0%
Rivers 121 Apaporis 1370 Colombia, Brazil
0%
Rivers 214 Apure 1038 Venezuela, Colombia
0%
Rivers 204 Aras 1072 Turkey, Armenia, Azerbaijan, Iran
0%
Lakes 156 Argentino Lake 1466 Argentina
0%
Rivers 166 Aripuanã 1175 Brazil
0%
Islands 359 Arran 437 United Kingdom
0%
Rivers 216 Aruwimi 1030 Democratic Republic of the Congo
0%
Islands 509 Atauro 105 East Timor
0%
Islands 272 Atka 1061 United States
0%
Rivers 158 Awash 1200 Ethiopia, Djibouti
0%
Lakes 75 Aydar Lake 3000 Uzbekistan
0%
Islands 377 Babeldaob 374 Palau
0%
Islands 518 Babuyan Claro 100 Philippines
0%
Islands 211 Bacan 1900 Indonesia
0%
Lakes 122 Baker Lake 1887 Canada
0%
Lakes 69 Bakhtegan Lake 3500 Iran
0%
Islands 396 Balabac 319 Philippines
0%
Lakes 91 Balbina Reservoir 2360 Brazil
0%
Rivers 193 Bani 1100 Mali, Ivory Coast, Burkina Faso, Guinea
0%
Islands 505 Bantayan 108 Philippines
0%
Islands 135 Baranov Island 4065 United States
0%
Islands 258 Barents Island 1341 Norway
0%
Islands 260 Basilan 1265 Philippines
0%
Islands 288 Basse-Terre 876 France
0%
Islands 54 Bathurst Island 16042 Canada
0%
Islands 227 Bathurst Island 1692 Australia
0%
Lakes 180 Becharof Lake 1173 United States
0%
Islands 31 Berkner Island 43873 Antarctica
0%
Rivers 208 Bermejo 1050 Argentina, Bolivia
0%
Islands 250 Bhola 1441 Bangladesh
0%
Islands 220 Biegiczewa Island 1764 Russia
0%
Islands 342 Biliran 536 Philippines
0%
Lakes 129 Boa-Esperanca Reservoir 1800 Brazil
0%
Islands 321 Boa Vista 634 Cape Verde
0%
Lakes 96 Boguchany Reservoir 2326 Russia
0%
Islands 142 Bohol 3821 Philippines
0%
Islands 169 Borden 2794 Canada
0%
Islands 472 Borðoy 136 Denmark
0%
Rivers 132 Branco–Uraricoera 1326 Brazil, Guyana, Venezuela
0%
Lakes 199 Bras d'Or Lake 1099 Canada
0%
Lakes 41 Bratsk Reservoir 5470 Russia
0%
Rivers 64 Brazos–Double Mountain Fork–North Fork–Blackwater Draw 2060 United States
0%
Lakes 148 Brokopondo Reservoir (Blommestein) 1560 Suriname
0%
Islands 295 Bubijan Island 804 Kuwait
0%
Islands 483 Bucas Grande 128 Philippines
0%
Islands 493 Bugsuk 119 Philippines
0%
Lakes 40 Bujtarminskaya Reservoir 5490 Kazakhstan
0%
Islands 363 Burias 424 Philippines
0%
Islands 87 Buru 8473 Indonesia
0%
Islands 285 Busuanga 890 Philippines
0%
Islands 71 Bylot Island 11067 Canada
0%
Lakes 78 Cahora Bassa Reservoir 2800 Mozambique
0%
Islands 438 Calayan 196 Philippines
0%
Islands 421 Camiguin 255 Philippines
0%
Islands 462 Camiguin 166 Philippines
0%
Rivers 154 Canadian 1223 United States
0%
Lakes 60 Caniapiscau Reservoir 4318 Canada
0%
Islands 482 Caravela 128 Guinea-Bissau
0%
Islands 84 Carney Island 8500 Antarctica
0%
Islands 441 Catalina Island 193 United States
0%
Islands 247 Catanduanes 1523 Philippines
0%
Islands 117 Caviana 4968 Brazil
0%
Islands 300 Cayo Romano 777 Cuba
0%
Lakes 166 Cedar Lake 1353 Canada
0%
Islands 386 Cedros 347 Mexico
0%
Rivers 217 Chambal 1024 India
0%
Islands 217 Charcot Island 1800 Antarctica
0%
Rivers 116 Chari 1400 Chad, Cameroon, Niger, Nigeria
0%
Islands 283 Chatham 899 New Zealand
0%
Lakes 101 Cheboksary Reservoir 2274 Russia
0%
Rivers 68 Chenab 1974 India, Pakistan
0%
Islands 108 Chichagov Island 5388 United States
0%
Lakes 182 Chilika Lake 1165 India
0%
Rivers 170 Chindwin 1158 Myanmar
0%
Islands 163 Choiseul 2971 Solomon Islands
0%
Lakes 113 Chott Ech Chergui 2000 Algeria
0%
Lakes 28 Chott el Djerid 7000 Tunisia
0%
Lakes 198 Chott El Hodna 1100 Algeria
0%
Lakes 29 Chott Melrhir 6700 Algeria
0%
Rivers 205 Chu 1067 Kyrgyzstan, Kazakhstan
0%
Rivers 75 Chulym 1799 Russia
0%
Rivers 84 Churchill 1609 Canada
0%
Rivers 185 Cimarron 1123 United States
0%
Lakes 163 Clearwater Lakes 1383 Canada
0%
Islands 107 Coatsa Island 5498 Canada
0%
Islands 346 Coiba 503 Panama
0%
Islands 324 Corfu 626 Greece
0%
Islands 96 Cornwallis Island 6995 Canada
0%
Islands 181 Cornwall Island 2358 Canada
0%
Islands 412 Crooked Island 282 Bahamas
0%
Islands 371 Culion 389 Philippines
0%
Rivers 191 Cumberland 1105 United States
0%
Rivers 209 Cunene 1050 Angola, Namibia
0%
Lakes 139 Curonian Lagoon 1691 Russia
0%
Islands 303 Dahlak Kebir 750 Eritrea
0%
Islands 316 Dall 655 United States
0%
Islands 296 Dinagat 802 Philippines
0%
Islands 325 Dirk Hartog 625 Australia
0%
Islands 299 Dominica 787 -
0%
Lakes 58 Dongting Lake 4350 China
0%
Rivers 196 Draa 1100 Morocco
0%
Lakes 65 Dubawnt Lake 3838 Canada
0%
Islands 393 Dumaran 322 Philippines
0%
Islands 465 d'Urville Island ~160 New Zealand
0%
Lakes 205 Ebi Lake 1070 China
0%
Islands 118 Edge Island 4940 Norway
0%
Islands 282 Efate 900 Vanuatu
0%
Islands 243 Eglinton Island 1541 Canada
0%
Islands 406 El Hierro 291 Spain
0%
Islands 69 Ellef Ringnes Island 11295 Canada
0%
Islands 355 Epi 445 Vanuatu
0%
Islands 286 Erromango 888 Vanuatu
0%
Islands 138 Espiritu Santo 3956 Vanuatu
0%
Islands 289 Etolin 870 United States
0%
Islands 436 Exuma 204 Bahamas
0%
Islands 402 Eysturoy 301 Denmark
0%
Islands 312 Farasan 686 Saudi Arabia
0%
Islands 439 Fehmarn 195 Germany
0%
Rivers 161 Fimi-Lukenie 1194 Democratic Republic of the Congo
0%
Islands 239 Flaherty Island 1585 Canada
0%
Islands 259 Flinders Island 1330 Australia
0%
Rivers 225 Flinders River 1004 Australia
0%
Islands 350 Fogo 475 Cape Verde
0%
Islands 471 Formosa 140 Guinea-Bissau
0%
Rivers 124 Fraser 1368 Canada, United States
0%
Islands 162 Funen 2985 Denmark
0%
Lakes 170 Furnas Reservoir 1320 Brazil
0%
Lakes 16 Garabogazköl 18100 Turkmenistan
0%
Islands 226 Geographical Society Island 1717 Denmark
0%
Islands 167 George Land 2821 Russia
0%
Rivers 202 Ghaghara 1080 India, Nepal, China
0%
Rivers 220 Gila 1015 United States
0%
Lakes 184 Gods Lake 1151 Canada
0%
Lakes 90 Godzareh Depression 2388 Afghanistan, Iran
0%
Lakes 143 Gorky Reservoir 1590 Russia
0%
Lakes 146 Gouin Reservoir 1570 Canada
0%
Islands 242 Graham Bella Island 1557 Russia
0%
Islands 100 Graham Island 6361 Canada
0%
Islands 119 Grande de Gurupá 4864 Brazil
0%
Islands 320 Grande-Terre 638 France
0%
Islands 268 Great Bahama 1096 Bahamas
0%
Islands 409 Great Barrier 285 New Zealand
0%
Islands 276 Great Comor 1013 Comoros
0%
Islands 110 Great Lachowska Island 5157 Russia
0%
Islands 184 Groote Eylandt 2326 Australia
0%
Rivers 145 Guaporé (Itenez) 1260 Brazil, Bolivia
0%
Rivers 76 Guaviare 1760 Colombia
0%
Islands 328 Guimaras 605 Philippines
0%
Lakes 61 Guri Reservoir 4250 Venezuela
0%
Islands 516 Hadseløya 102 Norway
0%
Lakes 149 Hamoun-e Puzak 1514 Afghanistan, Iraq
0%
Lakes 140 Hamun Lake 1600 Iran
0%
Lakes 188 Hawr as Saniyah 1142 Iraq
0%
Islands 358 Hinchinbrook Island 442 United States
0%
Islands 188 Hinnøya 2226 Norway
0%
Islands 275 Hiuma 1031 Estonia
0%
Islands 510 Homonhon 104 Philippines
0%
Lakes 116 Hongze Lake 1960 China
0%
Islands 136 Hoste 4117 Chile
0%
Rivers 203 Huai River 1078 China
0%
Rivers 194 Huallaga 1100 Peru
0%
Lakes 98 Hulun Lake 2315 China
0%
Rivers 133 Iguaçu 1320 Brazil, Argentina
0%
Islands 418 Ikaria 263 Greece
0%
Lakes 179 Ilha Solteira Reservoir 1195 Brazil
0%
Lakes 82 Iliamna Lake 2622 United States
0%
Rivers 107 Ili (Yili) 1439 China, Kazakhstan
0%
Islands 414 Imroz 279 Turkey
0%
Rivers 137 Inírida 1300 Colombia
0%
Islands 520 Inner Vikna 99 Norway
0%
Islands 491 Ios 121 Greece
0%
Rivers 138 Iriri 1300 Brazil
0%
Lakes 164 Irkutsk Reservoir 1380 Russia
0%
Rivers 43 Ishim 2450 Kazakhstan, Russia
0%
Islands 424 Isla del Rey 234 Panama
0%
Islands 195 Isla Margarita ~2100 Colombia
0%
Lakes 177 Island Lake 1223 Canada
0%
Islands 326 Islay 620 United Kingdom
0%
Lakes 35 Issyk-Kul 6200 Kyrgyzstan
0%
Lakes 167 Itaipú Reservoir 1350 Brazil, Paraguay
0%
Islands 155 Iturup 3238 Russia
0%
Rivers 174 James (Dakotas) 1143 United States
0%
Islands 174 James Ross Island 2598 Antarctica
0%
Rivers 135 Javari 1309 Brazil, Peru
0%
Lakes 153 Jebel Auria Reservoir 1500 Sudan
0%
Rivers 187 Jialing River 1119 China
0%
Islands 381 Jindo 363 South Korea
0%
Islands 236 Joinville 1607 Antarctica
0%
Islands 290 Jolo 869 Philippines
0%
Islands 376 Jura 377 United Kingdom
0%
Rivers 46 Juruá 2410 Peru, Brazil
0%
Rivers 149 Juruena 1240 Brazil
0%
Islands 367 Kadavu 411 Fiji
0%
Rivers 92 Kafue 1576 Zambia, Democratic Republic of the Congo
0%
Islands 502 Kaho'olawe 113 United States
0%
Lakes 176 Kainji Lake 1243 Nigeria
0%
Lakes 109 Kakhovka Reservoir 2155 Ukraine
0%
Islands 498 Kalimnos 116 Greece
0%
Islands 130 Kangaroo Island 4374 Australia
0%
Lakes 127 Kapchagay Reservoir 1847 Kazakhstan
0%
Islands 207 Karaginsky Island 1936 Russia
0%
Lakes 43 Kariba Reservoir 5400 Zambia, Zimbabwe
0%
Islands 399 Karpatos 311 Greece
0%
Lakes 169 Kasba Lake 1341 Canada
0%
Islands 252 Kauaʻi 1435 United States
0%
Islands 301 Kefalonia 775 Greece
0%
Islands 248 Keszm 1488 Iran
0%
Islands 230 K'gari (Fraser Island) 1653 Australia
0%
Lakes 145 Khar-Us Lake (Khar-Us Nuur) 1578 Mongolia
0%
Rivers 81 Khatanga–Kotuy 1636 Russia
0%
Rivers 223 Khopyor 1010 Russia
0%
Lakes 165 Khyargas Lake (Khyargas Nuur) 1407 Mongolia
0%
Islands 479 Kiea 129 Greece
0%
Islands 395 Kimitoön 320 Finland
0%
Islands 254 King George Island 1384 Antarctica
0%
Islands 267 King Island 1121 Australia
0%
Islands 394 Kiritimati 321 Kiribati
0%
Rivers 126 Kızıl River 1355 Turkey
0%
Islands 222 Kobroor 1723 Indonesia
0%
Islands 430 Ko Chang 217 Thailand
0%
Islands 354 Koch Island 458 Canada
0%
Rivers 226 Koksoak 1000 Canada
0%
Islands 469 Ko Kut 146 Thailand
0%
Islands 116 Kolguyev 4968 Russia
0%
Islands 391 Komodo 330 Indonesia
0%
Islands 82 Komsomolsk 8812 Russia
0%
Islands 460 Korpoo 170 Finland
0%
Islands 47 Kotelny Island 24000 Russia
0%
Lakes 110 Krasnoyarsk Reservoir 2130 Russia
0%
Lakes 103 Kremenchuk Reservoir 2252 Ukraine
0%
Islands 205 Kuiu 1962 United States
0%
Islands 235 Kunashir 1612 Russia
0%
Islands 168 Kuprejanov Island 2813 United States
0%
Rivers 211 Kuskokwim 1050 United States
0%
Lakes 32 Kuybyshev Reservoir 6450 Russia
0%
Rivers 195 Kwango 1100 Angola, Democratic Republic of the Congo
0%
Islands 416 Kythira 277 Greece
0%
Islands 515 Kythnos 102 Greece
0%
Rivers 129 Lachlan River 1339 Australia
0%
Lakes 131 Lac La Martre 1776 Canada
0%
Lakes 215 Lac Saint-Jean 1003 Canada
0%
Lakes 136 Lac Seul 1657 Canada
0%
Islands 500 Læsø 114 Denmark
0%
Lakes 172 Laforge-1 Reservoir 1288 Canada
0%
Lakes 21 Lagoa dos Patos 10140 Brazil
0%
Lakes 67 Lagoon Mirim (or Merín) 3750 Uruguay, Brazil
0%
Lakes 88 La Grande-3 2536 Canada
0%
Lakes 112 Laguna de Términos 2007 Mexico
0%
Lakes 185 Lake Abaya (or Abaja or Margherita) 1150 Ethiopia
0%
Lakes 107 Lake Alakol 2200 Kazakhstan
0%
Lakes 213 Lake Amadeus 1032 Australia
0%
Lakes 23 Lake Bangweulu 9840 Zambia
0%
Lakes 161 Lake Barlee 1424 Australia
0%
Lakes 192 Lake Beloye 1125 Russia
0%
Lakes 175 Lake Bienville 1249 Canada
0%
Lakes 126 Lake Buenos Aires/General Carrera 1850 Chile, Argentina
0%
Lakes 114 Lake Chany 2000 Russia
0%
Lakes 195 Lake Chapala 1112 Mexico
0%
Lakes 159 Lake Claire 1436 Canada
0%
Lakes 160 Lake Cree 1434 Canada
0%
Lakes 97 Lake Edward 2325 Democratic Republic of the Congo, Uganda
0%
Lakes 207 Lake Eyasi 1050 Tanzania
0%
Lakes 34 Lake Eyre 6216 Australia
0%
Lakes 178 Lake Fitri 1200 Chad
0%
Lakes 85 Lake Frome 2596 Australia
0%
Lakes 57 Lake Gairdner 4351 Australia
0%
Lakes 168 Lake Hammar 1350 Iraq
0%
Lakes 197 Lake IJssel (IJsselmeer) 1100 Netherlands
0%
Lakes 211 Lake Inari 1040 Finland
0%
Lakes 63 Lake Khanka 4190 China, Russia
0%
Lakes 83 Lake Khövsgöl 2620 Mongolia
0%
Lakes 120 Lake Kossou (reservoir) 1898 Ivory Coast
0%
Lakes 133 Lake Kyoga 1720 Uganda
0%
Lakes 15 Lake Ladoga 18130 Russia
0%
Lakes 162 Lake La Ronge 1413 Canada
0%
Lakes 70 Lake Mackay 3494 Australia
0%
Lakes 206 Lake MacKay 1061 Canada
0%
Lakes 154 Lake Macleod 1500 Australia
0%
Lakes 99 Lake Mai-Ndombe (formerly Leopold) 2300 Democratic Republic of the Congo
0%
Lakes 117 Lake Manicouagan (reservoir) 1942 Canada
0%
Lakes 74 Lake Melville 3069 Canada
0%
Lakes 150 Lake Milh (or lake Razzaza) 1501 Iraq
0%
Lakes 95 Lake Mistassini 2335 Canada
0%
Lakes 183 Lake Moore 1160 Australia
0%
Lakes 46 Lake Mweru 5120 Democratic Republic of the Congo, Zambia
0%
Lakes 141 Lake Mweru Wantipa 1600 Zambia
0%
Lakes 210 Lake Natron 1040 Tanzania
0%
Lakes 49 Lake Nipigon 4843 Canada
0%
Lakes 22 Lake Onega 9891 Russia
0%
Lakes 68 Lake Peipus 3555 Estonia, Russia
0%
Lakes 138 Lake Pontchartrain 1634 United States
0%
Lakes 94 Lake Poopó 2337 Bolivia
0%
Lakes 84 Lake Rukwa 2600 Tanzania
0%
Lakes 155 Lake Sakakawea (Garrison Dam) 1489 United States
0%
Lakes 173 Lake Sevan 1250 Armenia
0%
Lakes 54 Lake Taymyr 4560 Russia
0%
Lakes 144 Lake Tengiz 1590 Kazakhstan
0%
Lakes 115 Lake Tharthar 2000 Iraq
0%
Lakes 38 Lake Torrens 5698 Australia
0%
Lakes 33 Lake Turkana 6405 Kenya
0%
Lakes 36 Lake Urmia 6001 Iran
0%
Lakes 174 Lake Vygózero 1250 Russia
0%
Lakes 42 Lake Winnipegosis 5403 Canada
0%
Lakes 208 Lake Xolotlán (or lake Managua) 1049 Nicaragua
0%
Lakes 158 Lake Yathkyed 1449 Canada
0%
Lakes 125 Lake Zaysan 1860 Kazakhstan
0%
Islands 468 Lantau 147 Hong Kong
0%
Islands 297 Lanzarote 791 Spain
0%
Islands 311 La Palma 690 Spain
0%
Islands 196 Laut 2057 Indonesia
0%
Lakes 181 Lesser Slave Lake 1168 Canada
0%
Islands 93 Leyte 7368 Philippines
0%
Rivers 128 Liao–Xiliao–Laoha 1345 China
0%
Rivers 188 Liard 1115 Canada
0%
Islands 492 Linapacan 120 Philippines
0%
Islands 310 Little Andaman 710 India
0%
Rivers 215 Logone 1033 Chad, Cameroon, Central African Republic
0%
Islands 261 Lolland 1243 Denmark
0%
Rivers 142 Lomami 1280 Democratic Republic of the Congo
0%
Lakes 86 Lower Kama Reservoir (or Nizhnekamsk Reservoir) 2580 Russia
0%
Islands 486 Lubang 125 Philippines
0%
Rivers 163 Lukuga 1184 Tanzania, Democratic Republic of the Congo, Zambia, Burundi, Rwanda
0%
Rivers 127 Madre de Dios 1347 Peru, Bolivia
0%
Islands 467 Mahé 148 Seychelles
0%
Islands 338 Mainland (Orkney) 540 United Kingdom
0%
Islands 274 Mainland (Shetland) 1038 United Kingdom
0%
Islands 413 Maio 279 Cape Verde
0%
Islands 156 Makira 3191 Solomon Islands
0%
Islands 140 Malaita 3836 Solomon Islands
0%
Lakes 189 Mälaren 1140 Sweden
0%
Islands 198 Malekula 2041 Vanuatu
0%
Islands 170 Manitoulin 2766 Canada
0%
Islands 478 Mannar 130 Sri Lanka
0%
Islands 157 Mansel Island 3180 Canada
0%
Islands 451 Mapun 181 Philippines
0%
Rivers 77 Marañón 1737 Peru
0%
Lakes 37 Mar Chiquita 5770 Argentina
0%
Islands 277 Margarita 957 Venezuela
0%
Islands 278 Marinduque 952 Philippines
0%
Rivers 153 Markha 1231 Russia
0%
Rivers 165 Markha 1181 Russia
0%
Islands 496 Marmara 117 Turkey
0%
Islands 420 Marsh Island 259 United States
0%
Islands 154 Masbate 3268 Philippines
0%
Islands 318 Masira 649 Oman
0%
Rivers 200 Maya 1087 Russia
0%
Islands 405 Mayaguana 293 Bahamas
0%
Islands 102 Melville Island (Australia) 5765 Australia
0%
Islands 33 Melville Island (Canada) 42149 Canada
0%
Rivers 167 Milk 1173 United States, Canada
0%
Islands 139 Milne Land 3913 Denmark
0%
Islands 461 Milos 166 Greece
0%
Islands 73 Mindoro 10572 Philippines
0%
Islands 432 Miquelon 214 France
0%
Islands 336 Mitkowa Island 546 United States
0%
Islands 511 Mljet 104 Croatia
0%
Islands 308 Montague 722 United States
0%
Islands 173 Moresby 2608 Canada
0%
Islands 343 Mornington Island 529 Australia
0%
Islands 382 Morsø 363 Denmark
0%
Islands 446 Moskenesøya 186 Norway
0%
Islands 434 Muhu 205 Estonia
0%
Islands 287 Mull 886 United Kingdom
0%
Islands 166 Muna 2889 Indonesia
0%
Rivers 101 Murrumbidgee River 1485 Australia
0%
Islands 507 Mykonos 107 Greece
0%
Lakes 124 Namtso 1870 China
0%
Lakes 203 Napaktulik Lake 1080 Canada
0%
Islands 224 Natuna Besar 1720 Indonesia
0%
Islands 178 Navarino 2473 Chile
0%
Rivers 122 Nen (Nonni) 1370 China
0%
Lakes 47 Nettilling Lake 5066 Canada
0%
Rivers 139 Neva–Vuoksi 1300 Russia, Finland, Belarus
0%
Islands 199 New Georgia 2037 Solomon Islands
0%
Islands 426 New Providence 228 Bahamas
0%
Islands 101 New Siberia 6201 Russia
0%
Islands 137 Nias 4048 Indonesia
0%
Islands 477 Nora 130 Eritrea
0%
Islands 58 Nordaustlandet (North East Land) 14247 Norway
0%
Islands 121 Nørrejyske Ø 4685 Denmark
0%
Rivers 65 Northern Salado 2010 Argentina
0%
Islands 388 North Uist 335 United Kingdom
0%
Islands 407 Nosy Be 290 Madagascar
0%
Islands 454 Nosy Boraha 176 Madagascar
0%
Islands 257 Nottingham Island 1372 Canada
0%
Lakes 202 Novosibirsk Reservoir 1082 Russia
0%
Lakes 100 Nueltin Lake 2279 Canada
0%
Islands 132 Nunivak 4209 United States
0%
Lakes 157 Oahe Lake (reservoir) 1453 United States
0%
Rivers 160 Ogooué (or Ogowe) 1200 Gabon, Republic of the Congo
0%
Islands 455 Oléron 175 France
0%
Islands 306 Olkhon 730 Russia
0%
Islands 440 Olutanga 194 Philippines
0%
Rivers 108 Olyokma 1436 Russia
0%
Rivers 189 Omolon 1114 Russia
0%
Islands 489 Orango 123 Guinea-Bissau
0%
Islands 506 Orangozinho 107 Guinea-Bissau
0%
Rivers 184 Orkhon 1124 Mongolia
0%
Islands 517 Ovalau 102 Fiji
0%
Islands 508 Pacijan 106 Philippines
0%
Lakes 204 Päijänne 1080 Finland
0%
Islands 445 Panaon 191 Philippines
0%
Rivers 176 Paraíba do Sul 1137 Brazil
0%
Islands 197 Paramushir 2044 Russia
0%
Rivers 117 Parnaíba 1400 Brazil
0%
Islands 444 Paros 191 Greece
0%
Rivers 100 Pecos 1490 United States
0%
Islands 183 Peleng 2346 Indonesia
0%
Islands 348 Pentecost 491 Vanuatu
0%
Islands 331 Phuket 576 Thailand
0%
Islands 332 Phú Quốc 576 Vietnam
0%
Islands 353 Pico 461 Portugal
0%
Islands 246 Pioneer 1527 Russia
0%
Islands 256 Pitt Island 1375 Canada
0%
Islands 323 Polillo 629 Philippines
0%
Islands 522 Poro 96 Philippines
0%
Lakes 55 Poyang Lake 4400 China
0%
Islands 182 Princess Royal Island 2251 Canada
0%
Islands 291 Puna 855 Ecuador
0%
Lakes 52 Qinghai Lake 4635 China
0%
Islands 238 Rantau 1598 Indonesia
0%
Lakes 31 Reindeer Lake 6330 Canada
0%
Islands 202 René-Levasseur 2020 Canada
0%
Islands 164 Revillagigedo 2965 United States
0%
Islands 192 Richards Island 2165 Canada
0%
Islands 112 Riesco 5110 Chile
0%
Lakes 190 Rincón del Bonete Lake (reservoir) 1140 Uruguay
0%
Rivers 144 Rio Grande de Santiago–Lerma 1270 Mexico
0%
Lakes 77 Robert-Bourassa Reservoir 2835 Canada
0%
Islands 481 Rømø 129 Denmark
0%
Islands 90 Roosevelt Island 7910 Antarctica
0%
Islands 269 Rowley Island 1090 Canada
0%
Islands 503 Roxa 111 Guinea-Bissau
0%
Rivers 140 Ruki 1296 Democratic Republic of the Congo
0%
Lakes 53 Rybinsk Reservoir 4580 Russia
0%
Islands 279 Sado 937 Japan
0%
Lakes 56 Saimaa 4377 Finland
0%
Islands 485 Saint Helena Island 126 United Kingdom
0%
Islands 514 Salamina 103 Greece
0%
Islands 403 Samal 301 Philippines
0%
Islands 322 Samosir 630 Indonesia
0%
Islands 448 Samothraki 184 Greece
0%
Rivers 206 Sanaga–Djérem 1067 Cameroon, Nigeria, Central African Republic
0%
Islands 490 Sandoy 121 Denmark
0%
Rivers 171 Sankuru 1150 Democratic Republic of the Congo
0%
Lakes 93 Sanmen Gorge (Sanmenxia) 2350 China
0%
Islands 463 San Salvador 162 Bahamas
0%
Islands 145 Santa Inés 3688 Chile
0%
Islands 147 Santa Isabel 3665 Solomon Islands
0%
Islands 499 Sant'Antioco 116 Italy
0%
Islands 298 Santo Antão 787 Cape Verde
0%
Islands 302 São Miguel 769 Portugal
0%
Islands 495 Saona 117 Dominican Republic
0%
Islands 384 São Nicolau 352 Cape Verde
0%
Islands 425 São Vicente 233 Cape Verde
0%
Lakes 128 Saratov Reservoir 1831 Russia
0%
Islands 172 Sarema 2672 Estonia
0%
Lakes 48 Sarygamysh Lake 5000 Turkmenistan, Uzbekistan
0%
Islands 225 Savai’i 1718 Samoa
0%
Lakes 209 Selawik Lake 1046 United States
0%
Islands 228 Senja 1666 Norway
0%
Rivers 182 Sepik 1126 Papua New Guinea, Indonesia
0%
Lakes 104 Sérgio Motta Reservoir 2250 Brazil
0%
Lakes 130 Serra da Mesa Reservoir 1784 Brazil
0%
Rivers 207 Seversky Donets 1053 Russia, Ukraine
0%
Lakes 135 Sheksna Reservoir 1670 Russia
0%
Islands 329 Sherbro Island 600 Sierra Leone
0%
Rivers 89 Shilka-Onon 1592 Russia, Mongolia
0%
Rivers 159 Shire 1200 Mozambique, Malawi
0%
Islands 423 Shondip 246 Bangladesh
0%
Islands 360 Siargao 437 Philippines
0%
Islands 410 Sibutu 285 Philippines
0%
Islands 351 Sibuyan 465 Philippines
0%
Lakes 137 Siling Lake 1640 China
0%
Islands 99 Siple Island 6390 Antarctica
0%
Islands 387 Siquijor 337 Philippines
0%
Islands 229 Skye 1658 United Kingdom
0%
Lakes 30 Smallwood Reservoir 6527 Canada
0%
Rivers 183 Sobat–Pibor 1126 South Sudan, Ethiopia, Kenya, Uganda
0%
Lakes 62 Sobradinho Reservoir 4220 Brazil
0%
Islands 46 Somerset Island 24786 Canada
0%
Lakes 105 Southern Indian Lake 2247 Canada
0%
Islands 398 South Uist 311 United Kingdom
0%
Islands 134 Spaatz Island 4100 Antarctica
0%
Islands 347 States Island 501 Argentina
0%
Islands 127 Stefansson Island 4463 Canada
0%
Islands 214 Stewart Island 1815 New Zealand
0%
Rivers 71 Stony Tunguska 1865 Russia
0%
Islands 452 Suðuroy 180 Denmark
0%
Rivers 106 Sutlej 1450 China, India, Pakistan
0%
Islands 519 Sylt 99 Germany
0%
Lakes 87 Syvash Sea 2560 Ukraine
0%
Islands 293 Tablas 839 Philippines
0%
Islands 165 Taliabu 2913 Indonesia
0%
Lakes 171 Tangra Yumco 1295 China
0%
Rivers 134 Taseyeva–Chuna 1319 Russia
0%
Islands 362 Taveuni 435 Fiji
0%
Islands 330 Tawitawi 581 Philippines
0%
Islands 366 Terceira 416 Portugal
0%
Islands 404 Texeda Island 300 Canada
0%
Islands 373 Thasos 386 Greece
0%
Lakes 201 Three Gorges Reservoir 1085 China
0%
Islands 56 Thurston Island 15700 Antarctica
0%
Islands 264 Tiburon 1190 Mexico
0%
Islands 390 Ticao 334 Philippines
0%
Rivers 180 Tietê 1130 Brazil
0%
Islands 521 Tigres 98 Angola
0%
Islands 442 Tinos 193 Greece
0%
Rivers 90 Tobol 1591 Kazakhstan, Russia
0%
Islands 419 Tongatapu 259 Tonga
0%
Islands 453 Tortuga 180 Haiti
0%
Islands 466 Tortuga Island 156 Venezuela
0%
Islands 151 Traill 3542 Denmark
0%
Islands 193 Trangan 2149 Indonesia
0%
Lakes 212 Três Marias Reservoir 1040 Brazil
0%
Lakes 79 Tsimlyansk Reservoir 2700 Russia
0%
Lakes 76 Tucuruí Reservoir 2875 Brazil
0%
Islands 470 Tutuila 142 United States
0%
Lakes 151 Tuz Gölü 1500 Turkey
0%
Rivers 198 Tyung 1092 Russia
0%
Islands 218 Umnak 1793 United States
0%
Islands 133 Unimak 4119 United States
0%
Islands 513 Uno 104 Guinea-Bissau
0%
Rivers 82 Upper Jubba–Ganale Dorya 1634 Ethiopia, Somalia, Kenya
0%
Islands 251 Urup 1437 Russia
0%
Islands 356 Usedom 445 Germany and Poland
0%
Lakes 106 Ust-Chantaika Reservoir 2230 Russia
0%
Lakes 123 Ust-Ilimsk Reservoir 1873 Russia
0%
Lakes 147 Ust-Khanty Reservoir 1561 Russia
0%
Rivers 227 Usumacinta 1000 Mexico, Guatemala
0%
Lakes 71 Uvs Lake 3350 Mongolia, Russia
0%
Rivers 105 Vaal 1458 South Africa
0%
Islands 447 Vágar 185 Denmark
0%
Lakes 39 Vänern 5545 Sweden
0%
Lakes 121 Vättern 1893 Sweden
0%
Islands 512 Vava'u 104 Tonga
0%
Islands 153 Vaygach 3329 Russia
0%
Lakes 111 Vembanad 2033 India
0%
Lakes 200 Viedma Lake 1088 Argentina
0%
Islands 475 Vieques 135 United States
0%
Rivers 34 Vilyuy 2720 Russia
0%
Lakes 92 Vilyuy Hydroelectric Reservoir 2360 Russia
0%
Rivers 67 Vitim 1978 Russia
0%
Lakes 72 Volgograd Reservoir 3117 Russia
0%
Lakes 193 Votkinsk Reservoir 1120 Russia
0%
Rivers 123 Vyatka 1370 Russia
0%
Rivers 181 Vychegda 1130 Russia
0%
Rivers 118 Warburton–Georgina 1400 Australia
0%
Islands 458 West Redonda Island 171 Canada
0%
Islands 150 Wetar 3600 Indonesia
0%
Lakes 132 Williston Lake (W.A.C. Bennett Dam) 1761 Canada
0%
Islands 237 Wokam 1604 Indonesia
0%
Islands 189 Wolf Land 2203 Russia
0%
Islands 417 Wolin 265 Poland
0%
Lakes 81 Wollaston Lake 2681 Canada
0%
Rivers 172 Wu 1150 China
0%
Lakes 142 Yacyretá Reservoir 1600 Argentina, Paraguay
0%
Rivers 93 Yalong 1571 China
0%
Islands 159 Yamdena 3100 Indonesia
0%
Rivers 99 Yana-Sartang 1492 Russia
0%
Rivers 201 Yellowstone 1080 United States
0%
Islands 179 Ymer 2437 Denmark
0%
Rivers 177 Yobe–Hadejia 1135 Nigeria, Niger
0%
Islands 364 Zakynthos 419 Greece
0%
Islands 94 Zealandia 7180 Denmark
0%
Rivers 148 Zeya 1242 Russia
0%
Lakes 89 Zeya Reservoir 2419 Russia
0%
No matching quizzes found
Score Distribution
Percent of People with Each Score
Percentile by Number Answered
Your Score History
You have not taken this quiz since the last reset